|
|
|
|
| LEADER |
01242nam a2200277 a 4500 |
| 001 |
1671065 |
| 008 |
091229s1998 enka b 001 0 eng d |
| 010 |
|
|
|a 98028794
|
| 020 |
|
|
|a 0340731583
|
| 020 |
|
|
|a 0340719958 (alk. paper)
|
| 040 |
|
|
|a DLC
|c DLC
|d DLC
|d BD-DhAAL
|
| 082 |
0 |
0 |
|a 519.5
|2 21
|
| 100 |
1 |
|
|a Clarke, G. M.
|q (Geoffrey Mallin)
|
| 245 |
1 |
2 |
|a A basic course in statistics /
|c G.M. Clarke and D. Cooke.
|
| 250 |
|
|
|a 4th ed.
|
| 260 |
|
|
|a London ;
|a New York :
|b Arnold,
|c c1998.
|
| 300 |
|
|
|a xxiv, 672 p. :
|b ill. ;
|c 24 cm.
|
| 504 |
|
|
|a Includes bibliographical references (p. [620]-621) and index.
|
| 541 |
1 |
|
|e 00010885
|
| 650 |
|
0 |
|a Mathematical statistics.
|
| 700 |
1 |
|
|a Cooke, D.
|q (Dennis),
|d 1929-
|
| 852 |
4 |
|
|a Ayesha Abed Library
|j General shelf
|
| 942 |
0 |
0 |
|0 2
|
| 999 |
|
|
|c 6546
|d 6546
|
| 952 |
|
|
|0 0
|1 0
|2 ddc
|4 0
|6 519_500000000000000_CLA_1998
|7 0
|9 6651
|a BRACUL
|b BRACUL
|c GEN
|d 2009-12-31
|g 0.00
|l 16
|m 98
|o 519.5 CLA
|p 3010010885
|r 2023-09-10
|s 2023-07-12
|t 1
|w 2009-12-31
|y BK
|x No price found in the accession register.
|
| 952 |
|
|
|0 0
|1 0
|2 ddc
|4 0
|6 519_500000000000000_CLA_1998
|7 0
|9 6652
|a BRACUL
|b BRACUL
|c GEN
|d 2009-12-31
|g 0.00
|l 17
|m 86
|o 519.5 CLA
|p 3010010478
|r 2024-09-10
|s 2024-09-03
|t 2
|w 2009-12-31
|y BK
|x No price found in the accession register.
|